000 00607nam a2200193 i 4500
001 84128
003 ES-MaACL
005 20250815111607.0
007 t|
008 041119s1931 sp ||||1| spa d
100 1 _aIzquierdo y Croselles, Juan.
_965749
245 1 0 _aManual de guerra química /
_cpor Juan Izquierdo y Croselles y Agustín Ripoll.
260 _aMadrid :
_b[s.n.],
_c1931 (
_fMemorial de Artillería)
300 _aXI, 328 p. :
_bil. ;
_c24 cm.
650 7 _aGuerra química
_2embne
_9164431
700 1 _aRipoll, Agustín.
_997422
852 _aES-MaACL
_jA-2924
999 _c84128
_d84128